000 01104nam a2200253Ia 4500
999 _c54683
_d54683
001 21750
003 GE_BSU
005 20220211164800.0
008 181216s ||||ge |||||||||||||| ||geo||
040 _cGE_BSU
041 _ageo
080 _a81(479.22)(092) თ-77
100 _aთალაკვაძე, მარიამ
_99083
245 _aვარლამ თოფურია :
_bმონოგრაფია /
_cმარიამ თალაკვაძე ; რედ. ე. გელაშვილი.
264 _aთბილისი :
_bგანათლება,
_c1968.
300 _a58 გვ. :
_b ილ. ;
_c18 სმ.
541 _h0,34 თ.
653 _aვარლამ თოფურია
653 _aმონოგრაფია
653 _aქართველი ენათმეცნიერები
700 _aგელაშვილი, ე.
_eრედაქტორი
_97719
710 _aსაქართველოს სსრ პედაგოგიური საზოგადოება
_913534
942 _cBK
_2udc